000 00480nam a22001817a 4500
003 OSt
005 20140310182209.0
008 130905t xxu||||| |||| 00| 0 eng d
020 _a1864763639
050 _aPE 1585
_b.Or66 2006
082 _aHS 422
_bOr3 2006
100 _aO'Regan, Michael
_917018
245 _aBook of Words /
_bcompiled by Michael O'Regan
260 _aMalaysia :
_bAxiom,
_cc2006.
300 _a230 p. :
_c21 cm.
942 _2lcc
_cHS
999 _c10406
_d10406